Forças armadas e a questão do desenvolvimento na América do Sul /
En el artículo se muestra el rol de las fuerzas armadas en cuestiones de desarrollo nacional en los países de Sudamérica desde principios de los años 90; las cuales siguen siendo un recurso instrumental para la promoción del desarrollo y para la implementación de políticas de bien-estar y de asisten...
Furkejuvvon:
| Váldodahkki: | |
|---|---|
| Materiálatiipa: | Texto |
| Fáttát: | |
| Fáddágilkorat: |
Lasit fáddágilkoriid
Eai fáddágilkorat, Lasit vuosttaš fáddágilkora!
|
MARC
| LEADER | 00000 a a2200000 04500 | ||
|---|---|---|---|
| 001 | 43499 | ||
| 003 | |||
| 040 | |||
| 100 | |a Araujo, Maria Celina D' | ||
| 245 | |a Forças armadas e a questão do desenvolvimento na América do Sul / |c Maria Celina D'Araujo | ||
| 520 | |a En el artículo se muestra el rol de las fuerzas armadas en cuestiones de desarrollo nacional en los países de Sudamérica desde principios de los años 90; las cuales siguen siendo un recurso instrumental para la promoción del desarrollo y para la implementación de políticas de bien-estar y de asistencia social. | ||
| 590 | |a SJB/JULIO2012 | ||
| 650 | |a FUERZAS ARMADAS | ||
| 650 | |a DESARROLLO ECONOMICO Y SOCIAL | ||
| 650 | |a PARTICIPACION POLITICA | ||
| 650 | |a POLITICA SOCIAL | ||
| 650 | |a DEMOCRACIA | ||
| 650 | |a DESARROLLO | ||
| 773 | |g volumen14, número26 (2009), páginas 9-22 | ||
| 999 | |c 26066 |d 26066 | ||
